Statistics for Sydney Train Stations - CCN Line (Central Coast and Newcastle Line)

Click here to take the quiz!

General Stats

  • This quiz has been taken 29 times
    (27 since last reset)
  • The average score is 32 of 50

Answer Stats

#Answer% Correct
1Central
95%
17Gosford
95%
5Hornsby
95%
3Strathfield
91%
23Wyong
91%
4Epping
86%
2Redfern
86%
13Woy Woy
86%
25Wyee
86%
38Newcastle Interchange
82%
16Point Clare
82%
11Hawkesbury River
77%
15Tascott
77%
22Tuggerah
77%
6Asquith
73%
9Berowra
73%
33Cardiff
73%
29Fassifern
73%
24Warnervale
73%
12Wondabyne
73%
10Cowan
68%
27Dora Creek
68%
14Koolewong
68%
34Kotara
68%
20Lisarow
68%
26Morisset
68%
35Adamstown
64%
36Broadmeadow
64%
32Cockle Creek
64%
37Hamilton
64%
7Mount Colah
64%
18Narara
64%
19Niagara Park
64%
21Ourimbah
64%
31Teralba
64%
28Awaba
59%
30Booragul
59%
8Mount Kuring-Gai
59%
48Town Hall
50%
39Gordon
45%
40Chatswood
41%
46Milsons Point
41%
45North Sydney
41%
42St Leonards
36%
44Waverton
36%
43Wollstonecraft
36%
47Wynyard
36%
49Parramatta
23%
50Blacktown
18%
41Atarmon
14%

Score Distribution

Percentile by Number Answered

Percent of People with Each Score

Your Score History

You have not taken this quiz since the last reset